000 00413nam a22001337a 4500
008 210827b ||||| |||| 00| 0 eng d
082 _a342.54 ACT
100 _aParliaments of Bhutan
245 _aའབྲུག་གི་ཁྲིམས་དེབ། Acts of Bhutan Vol.II
260 _aThimphu :
_bParliaments of Bhutan,
_c2021.
300 _axxx, 302 p.
_c26 cm.
650 _aActs of Bhutan
942 _2ddc
999 _c8855
_d8856